Szczegóły MARC21

Zygmunt Noskowski /

003 -Nazwa inst., której nr kontr. jest w polu 001 [,]
    • @
    • Nazwa instytucji, której n kontrolny jest w polu 001
    • NUKAT
005 -DATA I CZAS OSTATNIEJ MODYFIKACJI [,]
    • @
    • pole kontrolne
    • 20241231094103.0
040 -Instytucja sporządzająca opis [ , ]
    • a
    • Instytucja, która sporządziła opis (NP)
    • WA U/74AN
    • c
    • Instytucja, która sporządziła rekord (NP)
    • WA U/AN
    • d
    • Instytucja, która zmodyfikowała rekord (P)
    • WA U/AGO
    • d
    • Instytucja, która zmodyfikowała rekord (P)
    • LUBL U/DP7
942 -Rodzaj dokumentu [ , ]
    • c
    • Rodzaj dokumentu
    • Książka
100 -Hasło główne - nazwa osobowa [1, ]
    • a
    • Nazwa osobowa (NP)
    • Sutkowski, Adam
    • d
    • Daty biograficzne (NP)
    • (1930-1982).
    • 9
    • KHW
    • 48168
245 -Strefa tytułu i oznaczenia odpowiedzialności [1,0]
    • a
    • Tytuł
    • Zygmunt Noskowski / Find
    • c
    • Pozostałe elementy strefy tytułu i oznaczenia odpowiedzialności (NP)
    • Adam Sutkowski.
246 -Wariant tytułu [1,8]
    • a
    • Tytuł (NP)
    • Noskowski
260 -Strefa adresu wydawniczego [ , ]
    • a
    • Miejsce wydania (P)
    • Kraków :
    • b
    • Nazwa wydawcy (P)
    • Polskie Wydawnictwo Muzyczne,
    • c
    • Data wydania (P)
    • 1957.
300 -Strefa opisu fizycznego [ , ]
    • a
    • Określenie formy książki i/lub objętość (NP)
    • 66, [6] s., [6] s. tabl. :
    • b
    • Oznaczenie ilustracji (NP)
    • il. ;
    • c
    • Format (NP)
    • 18 cm.
336 -Typ zawartości [ , ]
    • a
    • Termin opisujący typ zawartości
    • Tekst
    • b
    • Kod określający zawartość
    • txt
    • 2
    • Źródło (terminu i kodu)
    • rdacontent
337 -Typ mediów [ , ]
    • a
    • Tryb odtwarzania
    • Bez urządzenia pośredniczącego
    • b
    • Kod typu mediów
    • n
    • 2
    • Źródło (terminu i kodu)
    • rdamedia
338 -Typ/rodzaj nośnika [ , ]
    • a
    • Hasło opisujące typ nośnika
    • Wolumin
    • b
    • Kod typu nośnika
    • nc
    • 2
    • Źródło (terminu i kodu)
    • rdacarrier
490 -Strefa serii i książki wielotomowej - forma nie do wyszukiwania [1, ]
    • a
    • Tytuł (P)
    • Biblioteka Słuchacza Koncertowego. Seria Biograficzna ; Find
    • v
    • Numeracja (P)
    • T.2
830 -Hasło dodatkowe serii i opisu książki wielotomowej - tytuł ujednolicony/tytuł [ ,0]
    • a
    • Tytuł ujednolicony/tytuł (NP)
    • Biblioteka Słuchacza Koncertowego.
    • p
    • Nazwa części/podserii/sekcji (P)
    • Seria Biograficzna
    • x
    • ISSN
    • 0406-1179
    • v
    • Oznaczenie tomu (NP)
    • T.2
    • 9
    • KHW
    • 48169
500 -Uwaga ogólna [ , ]
    • a
    • Uwaga ogólna (NP)
    • Zawiera małą kronikę życia i twórczości oraz wykaz ważniejszych kompozycji Noskowskiego.
504 -Uwaga dot. bibliogr. załącznikowej [ , ]
    • a
    • Uwaga dot. bibliografii załącznikowej
    • Bibliogr. s. [68].
080 -Uniwersalna Klasyfikacja Dziesiętna [ , ]
    • 2
    • Identyfikator wydania tablic
    • UDC-P058
    • 9
    • UKD
    • 6150
    • a
    • Symbol klasyfikacji
    • 78.03(091)
    • b
    • Dopowiedzenie
    • Historia muzyki.
    • 4
    • UKD2
    • 16053
    • x
    • Poddział wspólny
    • (092)
    • c
    • Dopowiedzenie poddz. wspólnego
    • (Opracowania biograficzne).
    • 4
    • UKD2
    • 8241
    • x
    • Poddział wspólny
    • "18/19"
    • c
    • Dopowiedzenie poddz. wspólnego
    • Wiek XIX/XX.
    • 4
    • UKD2
    • 7642
    • x
    • Poddział wspólny
    • (438)
    • c
    • Dopowiedzenie poddz. wspólnego
    • (Polska).
080 -Uniwersalna Klasyfikacja Dziesiętna [ , ]
    • 2
    • Identyfikator wydania tablic
    • UDC-P058
    • 9
    • UKD
    • 6156
    • a
    • Symbol klasyfikacji
    • 78.071.1
    • b
    • Dopowiedzenie
    • Kompozytorzy.
    • 4
    • UKD2
    • 16053
    • x
    • Poddział wspólny
    • (092)
    • c
    • Dopowiedzenie poddz. wspólnego
    • (Opracowania biograficzne).
    • 4
    • UKD2
    • 8241
    • x
    • Poddział wspólny
    • "18/19"
    • c
    • Dopowiedzenie poddz. wspólnego
    • Wiek XIX/XX.
    • 4
    • UKD2
    • 7642
    • x
    • Poddział wspólny
    • (438)
    • c
    • Dopowiedzenie poddz. wspólnego
    • (Polska).
080 -Uniwersalna Klasyfikacja Dziesiętna [ , ]
    • 2
    • Identyfikator wydania tablic
    • UDC-P058
    • 9
    • UKD
    • 6953
    • a
    • Symbol klasyfikacji
    • 929-052A/Z
    • b
    • Dopowiedzenie
    • Biografie indywidualne.
    • 4
    • UKD2
    • 16053
    • x
    • Poddział wspólny
    • (092)
    • c
    • Dopowiedzenie poddz. wspólnego
    • (Opracowania biograficzne).
    • 4
    • UKD2
    • 8241
    • x
    • Poddział wspólny
    • "18/19"
    • c
    • Dopowiedzenie poddz. wspólnego
    • Wiek XIX/XX.
    • 4
    • UKD2
    • 7642
    • x
    • Poddział wspólny
    • (438)
    • c
    • Dopowiedzenie poddz. wspólnego
    • (Polska).
600 -Hasło przedmiotowe w formie nazwy osobowej [1,7]
    • a
    • Nazwa osobowa
    • Noskowski, Zygmunt
    • d
    • Daty związane z nazwą
    • (1846-1909).
    • 2
    • Źródło terminu
    • kaba
    • 9
    • KHW
    • 246120
980 -Symbol UKD [ , ]
    • a
    • UKD
    • 78.03(091):78.071.1:929-052 Noskowski Z. ](438)"18/19"(092)
710 -Hasło dodatkowe - nazwa ciała zbiorowego [2, ]
    • a
    • Nazwa ciała zbiorowego lub nazwa geograficzna jako pierwszy element (NP)
    • Polskie Wydawnictwo Muzyczne.
    • 4
    • Kod relacji
    • pbl
    • 9
    • KHW
    • 56938
Lokalizacja Data inwentaryzacji Numer inwentarzowy Status udost.
BG2008-06-02Pd.194291